| 000 | 00339nam a2200133 a 4500 | ||
|---|---|---|---|
| 001 | 5659 | ||
| 003 | CDMR | ||
| 005 | 20130116135311.0 | ||
| 008 | 130130s1990||||||||||||||||||||||||||||d | ||
| 040 |
_aCDMR _bcat _cCPC GIRONA |
||
| 245 | 0 | _aVocabulari mèdic | |
| 260 |
_c1990 _bAcadèmia de ciències mèdiques de Catalunya i Balears |
||
| 942 | _cMON | ||
| 999 |
_c5659 _d5659 |
||